Introduction to chemical engineering : (Record no. 21813)

MARC details
000 -LEADER
fixed length control field 00842nam a22002535a 4500
005 - DATE AND TIME OF LATEST TRANSACTION
control field 20201128023742.0
008 - FIXED-LENGTH DATA ELEMENTS--GENERAL INFORMATION
fixed length control field 160525t2011 ii a frb |||1 00| 0 eng d
020 ## - INTERNATIONAL STANDARD BOOK NUMBER
International Standard Book Number 9788126547104
040 ## - CATALOGING SOURCE
Original cataloging agency EG-ScBUE
Language of cataloging eng
Transcribing agency EG-ScBUE
Modifying agency EG-ScBUE
082 04 - DEWEY DECIMAL CLASSIFICATION NUMBER
Edition number 22
Classification number 660.2
Item number SOL
100 1# - MAIN ENTRY--PERSONAL NAME
Personal name Solen, Kenneth A.
9 (RLIN) 40086
245 10 - TITLE STATEMENT
Title Introduction to chemical engineering :
Remainder of title tools for today and tomorrow /
Statement of responsibility, etc Kenneth A. Solen, John N. Harb.
250 ## - EDITION STATEMENT
Edition statement 5th ed., Wiley Student ed.
260 ## - PUBLICATION, DISTRIBUTION, ETC. (IMPRINT)
Place of publication, distribution, etc New Delhi :
Name of publisher, distributor, etc Wiley,
Date of publication, distribution, etc c.2011.
300 ## - PHYSICAL DESCRIPTION
Extent xxiii, 227 p. :
Other physical details ill. ;
Dimensions 25 cm.
500 ## - GENERAL NOTE
General note Index : p. 225-227.
504 ## - BIBLIOGRAPHY, ETC. NOTE
Bibliography, etc Includes bibliographical references.
650 #7 - SUBJECT ADDED ENTRY--TOPICAL TERM
Source of heading or term BUEsh
9 (RLIN) 5532
Topical term or geographic name as entry element Chemical processes.
650 #7 - SUBJECT ADDED ENTRY--TOPICAL TERM
9 (RLIN) 1062
Topical term or geographic name as entry element Chemical engineering.
Source of heading or term BUEsh
651 ## - SUBJECT ADDED ENTRY--GEOGRAPHIC NAME
Source of heading or term BUEsh
653 ## - INDEX TERM--UNCONTROLLED
Resource For college Engineering, General
Arrived date list May2016
700 1# - ADDED ENTRY--PERSONAL NAME
Personal name Harb, John N.
942 ## - ADDED ENTRY ELEMENTS (KOHA)
Source of classification or shelving scheme Dewey Decimal Classification
Holdings
Withdrawn status Item status Source of classification or shelving scheme Damaged status Not for loan Vendor Home library Current library Shelving location Date acquired Source of acquisition Cost, normal purchase price Serial Enumeration / chronology Total Checkouts Full call number Barcode Date last seen Date last borrowed Cost, replacement price Koha item type
    Dewey Decimal Classification     Alahram Central Library Central Library First floor 25/05/2016 Purchase 148.00 2 1 660.2 SOL 000032592 15/07/2025 23/06/2016 185.00 Book - Borrowing